Language exploration a awareness: a resource book for teachers

Guardat en:
Dades bibliogràfiques
Autor principal: Andrews, Larry (Autor)
Format: Llibre
Idioma:anglès
Publicat: Mahwah Lawrence Erlbaum Associates 1998
Edició:2a. ed
Matèries:
Etiquetes: Afegir etiqueta
Sense etiquetes, Sigues el primer a etiquetar aquest registre!

MARC

LEADER 00000nam a2200000 a 4500
001 UCJ2906
003 CL-VaPUC
008 070119e19980000us |||||||||||||||||eng|d
020 |a 0805823670 
082 0 4 |a 428  |b AND  |2 21 
100 0 |a Andrews, Larry  |e author  |9 503961 
245 1 0 |a Language exploration a awareness: a resource book for teachers 
250 |a 2a. ed 
300 |a 320 p 
942 |c BK 
945 |d 20070119 00:00:00  |a jtorresc 
260 |a Mahwah  |b Lawrence Erlbaum Associates  |c 1998 
500 |a Donación de la Dra. Marianne Peronard Thierry 
650 0 |a Lingüística aplicada   |9 313266 
650 0 |a Educación lingüística  |9 306506 
650 0 |a Enseñanza del inglés  |9 367340 
583 |a last modification  |c 20171120 06:02:06  |k Rodrigo Vera 
999 |c 319035  |d 319033 
952 |0 0  |1 0  |4 0  |6 428_000000000000000_AND_1998  |7 0  |8 A  |9 397269  |a FDOPOS  |b FDOPOS  |d 2019-11-22  |i 431798K  |o 428 AND 1998  |p 431798K  |r 2025-01-22  |w 2019-11-22  |y BK  |k MLA